| 000 | 00630nam a2200217Ia 4500 | ||
|---|---|---|---|
| 003 | IN-BaIIA | ||
| 008 | 211028s9999 xx 000 0 eng d | ||
| 020 | _a412-10730-9 | ||
| 040 | _cIIA Library | ||
| 080 |
_a523.945 _bBRA |
||
| 100 |
_aBray, R. J _94213 |
||
| 245 | 4 |
_aThe solar chromosphere _cR. J. Bray andR. E. Loughhead |
|
| 260 |
_aLondon _bChapman and Hall _c1974 |
||
| 300 | _aix, 384p. | ||
| 490 | _aThe international astrophysics series | ||
| 650 | _aAstronomy and astrophysics thesaurus | ||
| 650 |
_aCoronal loops _95178 |
||
| 650 |
_aSolar chromosphere _93973 |
||
| 700 |
_aLoguhhead, R. E. _97705 |
||
| 942 | _cBK | ||
| 999 |
_c4407 _d4407 |
||